Finanční vzdělávání zlepšuje platební morálku dlužníků
Hodnotenie predpokladov budúceho správania klientov. Údaje, ktoré klient banke oznámi, ale aj externé údaje o dlžníkovi z registra klientských informácií. Ako môžu banky prispieť k finančnej gramotnosti obyvateľstva.
Saved in:
| Main Author: | |
|---|---|
| Other Authors: | |
| Format: | Book Chapter |
| Language: | Czech |
| Subjects: | |
| Tags: |
No Tags, Be the first to tag this record!
|
MARC
| LEADER | 00000naa a2200000 4500 | ||
|---|---|---|---|
| 001 | 0207517 | ||
| 005 | 20231211083953.6 | ||
| 041 | 0 | |a cze | |
| 044 | |a CZ | ||
| 245 | 1 | 0 | |a Finanční vzdělávání zlepšuje platební morálku dlužníků |c Jiří Rajl, Martina Sobková |
| 520 | |a Hodnotenie predpokladov budúceho správania klientov. Údaje, ktoré klient banke oznámi, ale aj externé údaje o dlžníkovi z registra klientských informácií. Ako môžu banky prispieť k finančnej gramotnosti obyvateľstva. | ||
| 610 | 2 | 0 | |a financie osobné |
| 610 | 2 | 0 | |a disciplína platobná |
| 610 | 2 | 0 | |a gramotnosť finančná |
| 610 | 2 | 0 | |a dlžníci |
| 610 | 2 | 0 | |a inštitúcie finančné |
| 610 | 2 | 0 | |a peniaze |
| 610 | 2 | 0 | |a vzdelávanie |
| 100 | 1 | |a Rajl, Jiří | |
| 700 | 1 | |a Sobková, Martina | |